000 00305nam a22001337a 4500
008 180919b xxu||||| |||| 00| 0 eng d
020 _a9781886230675
041 _aeng
080 _a159.9
100 _a48
101 _aPSI
245 _aDefusing the High-Conflict Divorce
_cGaulier,B
942 _2udc
_cBK
999 _c48031
_d48031